Грошово-кредитне регулювання у механізмі забезпечення макроекономічної стабілізації і ефективності функціонування банківської системи України (Запис № 417985)

МАРК-запис
000 -Лідер
fixed length control field 01742nam a22002657a 4500
003 - Ідентифікатор контрольного номера
control field UA-OsUOA
001 - Контрольний номер
control field 130043
007 - Фіксоване поле фізичного опису
fixed length control field ta
008 - Елементи даних фіксованої довжини – загальна інформація
fixed length control field 20180404b un ||||| |||| 00| 0 ukr d
090 ## - Локальний шифр розміщення
Класифікаційний індекс УДК 336.71
Авторський знак (НП) Д43
040 ## - Джерело каталогізації
Агенція оригінальної каталогізації UA-OsUOA
Мова каталогізації ukr
Агенція, яка здійснювала перезапис UA-OsUOA
Агенція, яка здійснювала модифікацію UA-OsUOA
041 ## - Код мови
Код мови тексту/ звукової доріжки чи окремого заголовка (П) ukr
080 ## - Індекс Універсальної десяткової класифікації
Індекс Універсальної десяткової класифікації (УДК) (НП) 336.71
020 ## - Міжнародний стандартний книжковий номер (ISBN)
Міжнародний стандартний книжковий номер (ISBN) (НП) 978-966-654-339-7
100 ## - Основне введення – ім’я особи
Ім’я особи (НП) Дзюблюк О. В.
245 ## - Відомості про назву
Назва (НП) Грошово-кредитне регулювання у механізмі забезпечення макроекономічної стабілізації і ефективності функціонування банківської системи України
Решта назви (НП) монографія
260 ## - Публікація, розповсюдження і т.п. (Вихідні дані)
Місце публікації, розповсюдження і т.п. (П) Тернопіль
Ім’я/ наймення видавництва, розповсюджувача і т.п. (П) ТНЕУ
Дата публікації, розповсюдження і т.п. (П) 2014
300 ## - Фізичний опис
Обсяг 530 с.
520 3# - Резюме і т.п.
Резюме, реферат, анотація, тощо (НП) Зміст1. Теоретичні основи грошово-кредитного регулювання в ринкових умовах господарювання2. Монетарна політика центрального банку та її вплив на макроекономічну стабільність у період кризових явищ3. Ефективність функціонування банківської систем
520 3# - Резюме і т.п.
Резюме, реферат, анотація, тощо (НП) и та концептуальні засади забезпечення її фінансової стійкості4. Практичні аспекти управління фінансовою стійкістю банківської системи України у грошово-кредитному механізмі забезпечення макроекономічної стабілізації
650 #7 - Додаткове предметне введення – тематичний термін
Тематичний термін чи географічна назва, як елемент введення (НП) 336 Фінанси
Джерело заголовка чи терміна UDC
942 ## - Додаткові елементи входу (Коха)
Тип елемента Koha Книги
955 ## - Код типу видання за змістом
Код типу видання за змістом (НП) Наукові видання
Фонди
Стан вилучень Стан втрат Джерело класифікації або схеми стелажів Стан уражень Не для кредиту Постійне місце розташування Поточне розміщення Дата придбання Джерело придбання Вартість, звичайна ціна покупки Інвентарний номер Усього замовленно Повний номер виклику Штрих-код Дата останнього перегляду Ціна ефективна від Тип елемента Koha
    Universal Decimal Classification     ЧЗ - Читальна зала ЧЗ - Читальна зала 04/04/2018 15/2018 200.00 158598   336.71 Д43 158598 06/02/2022 04/04/2018 Книги